Η Ολυμπιάς : Μυρτάλη η Αμβρακιώτισσα μητέρα του Μ. Αλεξάνδρου : μελέτη ιστορική - βιογραφική

Αποθηκεύτηκε σε:
Λεπτομέρειες βιβλιογραφικής εγγραφής
Κύριος συγγραφέας: Γκισδαβίδης, Απόστολος Κ.
Μορφή: Βιβλίο
Γλώσσα:Greek
Δημοσίευση: Θεσσαλονίκη : [χ.ό.], 1966
Θέματα:
Ετικέτες: Προσθήκη ετικέτας
Δεν υπάρχουν, Καταχωρήστε ετικέτα πρώτοι!

MARC

LEADER 00000cam a2200000 i 4500
001 1/98883
008 081205s1966 gre d
035 |l 10102252 
040 |a GR-MY-UA  |b gre  |e aacr 
041 0 |a gre 
082 0 |a 920.72  |2 (22) 
100 1 |a Γκισδαβίδης, Απόστολος Κ. 
245 1 2 |a Η Ολυμπιάς :  |b Μυρτάλη η Αμβρακιώτισσα μητέρα του Μ. Αλεξάνδρου : μελέτη ιστορική - βιογραφική /  |c Απόστολου Γκισδαβίδη 
246 3 3 |a Σελίδες του Μακεδονικού Ελληνισμού 
260 |a Θεσσαλονίκη :   |b [χ.ό.],   |c 1966 
300 |a  τ.;  |c 25 εκ. 
600 0 7 |2 nlgaf  |a Ολυμπιάς,   |d π. 374-316. 
650 0 0 |a Women  |x Biography. 
651 0 |a Macedonia  |x History. 
852 |a INST  |b RHODES  |c AKA  |e 20081205  |h  920.72 ΓΚΙ  |p 005400031528  |q 005400031528  |t BK  |y 0 
901 |a BIBL4-2008-3 
909 |a Ρ  |b 156579 
970 |a ΚΟΖΑ  |b ΜΑΡΙΑ  |z 2008/12/05